| 000 | 00360nam a2200121Ia 4500 | ||
|---|---|---|---|
| 008 | 210430s9999 xx 000 0 und d | ||
| 082 | _a378M2661 M | ||
| 100 | _aDr Captain U.A.G.Isani,LL.B | ||
| 245 |
_aManual of University Laws in Pakistan _cDr Captain U.A.G.Isani,LL.B |
||
| 260 |
_aISLAMABAD _bIqra univeristy _c2006 |
||
| 300 | _a1436p | ||
| 942 |
_cBK _2ddc |
||
| 999 |
_c564470 _d564470 |
||